Kategorizácia formátov obsahového marketingu na internete

Vizualizácia a charakteristika formátov obsahového marketingu na internete.

Enregistré dans:
Détails bibliographiques
Auteur principal: Kuchta, Martin, 1990-
Format: Chapitre de livre
Langue:slovaque
Sujets:
Tags: Ajouter un tag
Pas de tags, Soyez le premier à ajouter un tag!

MARC

LEADER 00000naa a2200000 4500
001 0260894
005 20240502074134.6
041 0 |a slo 
044 |a SK 
245 1 0 |a Kategorizácia formátov obsahového marketingu na internete  |c Martin Kuchta 
520 |a Vizualizácia a charakteristika formátov obsahového marketingu na internete. 
610 2 0 |a marketing elektronický 
610 2 0 |a internet 
610 2 0 |a grafika počítačová 
610 2 0 |a značky 
100 1 |a Kuchta, Martin, 1990-